[Event "Moravia-Silesia Region-chT 2223"]
[Site "Czech Republic"]
[Date "2023.04.02"]
[Round "11"]
[White "Neumann, Karel"]
[Black "Osina, Jaromir"]
[Result "0-1"]
[WhiteElo "1456"]
[BlackElo "1596"]
[PlyCount "94"]
[EventDate "2022.10.09"]
[EventType "team-tourn"]
[EventRounds "11"]
[EventCountry "CZE"]
[SourceTitle "EXT 2024"]
[Source "ChessBase"]
[SourceDate "2023.10.10"]
[SourceVersion "1"]
[SourceVersionDate "2023.10.10"]
[SourceQuality "1"]
[WhiteTeam "Ostrava III"]
[BlackTeam "Frydek Mistek IV"]
[WhiteTeamCountry "CZE"]
[BlackTeamCountry "CZE"]

1. d4 d5 2. c4 c6 3. Bf4 Qb6 4. b3 dxc4 5. e3 cxb3 6. Qxb3 Be6 7. Qc2 Nf6 8. Nc3 Nd5 9. Nxd5 Bxd5 10. Be2 Bxg2 11. Bf3 Bxh1 12. Bxh1 Nd7 13. Rb1 Qa5+ 14. Kd1 Qa6 15. Ne2 e6 16. Rb3 Be7 17. Be4 Nf6 18. Bd3 b5 19. a4 0-0 20. axb5 cxb5 21. Bxb5 Qc8 22. Bc6 Nd5 23. Bxa8 Qxc2+ 24. Kxc2 Rxa8 25. Rb8+ Rxb8 26. Bxb8 a5 27. Nc3 Nb4+ 28. Kb3 Nd3 29. Bg3 Kf8 30. Ne4 Ke8 31. Ka4 Bb4 32. Nd6+ Bxd6 33. Bxd6 Nxf2 34. Kxa5 Kd7 35. Bf4 Kc6 36. Be5 g6 37. Bg3 Ne4 38. Bf4 g5 39. Bb8 Kb7 40. Bg3 Nxg3 41. hxg3 Kc6 42. e4 h5 43. Kb4 h4 44. gxh4 gxh4 45. Kc4 h3 46. d5+ exd5+ 47. exd5+ Kd6 0-1

[Event "CZE-chT U18 Extraliga final-B 1819"]
[Site "Czech Republic"]
[Date "2019.04.13"]
[Round "10.6"]
[White "Osina, Jaromir"]
[Black "Pisar, Tomas"]
[Result "1/2-1/2"]
[WhiteElo "1148"]
[BlackElo "1303"]
[PlyCount "46"]
[EventDate "2018.10.05"]
[EventType "team-tourn"]
[EventRounds "11"]
[EventCountry "CZE"]
[SourceTitle "EXT 2023"]
[Source "ChessBase"]
[SourceDate "2022.10.05"]
[SourceVersion "1"]
[SourceVersionDate "2022.10.05"]
[SourceQuality "1"]
[WhiteTeam "Frydek Mistek BSS (U18) II"]
[BlackTeam "Praha Bohemians (U18)"]
[WhiteTeamCountry "CZE"]
[BlackTeamCountry "CZE"]

1. d4 Nf6 2. c4 d5 3. Nc3 g6 4. Bg5 c6 5. Nf3 Bf5 6. e3 Bg7 7. Be2 0-0 8. 0-0 Nbd7 9. Qb3 Qb6 10. Qxb6 Nxb6 11. c5 Nbd7 12. b4 e6 13. Rfd1 Ne4 14. Nxe4 Bxe4 15. Rd2 f6 16. Bh4 e5 17. Rb2 f5 18. Rd2 b6 19. Rc1 bxc5 20. dxc5 Rab8 21. a3 Bxf3 22. Bxf3 e4 23. Be2 Ne5 1/2-1/2

[Event "CZE-chT U18 Extraliga final-B 1819"]
[Site "Czech Republic"]
[Date "2019.04.12"]
[Round "8.6"]
[White "Osina, Jaromir"]
[Black "Blazek, Tomas1111"]
[Result "0-1"]
[WhiteElo "1148"]
[BlackElo "1448"]
[PlyCount "118"]
[EventDate "2018.10.05"]
[EventType "team-tourn"]
[EventRounds "11"]
[EventCountry "CZE"]
[SourceTitle "EXT 2023"]
[Source "ChessBase"]
[SourceDate "2022.10.05"]
[SourceVersion "1"]
[SourceVersionDate "2022.10.05"]
[SourceQuality "1"]
[WhiteTeam "Frydek Mistek BSS (U18) II"]
[BlackTeam "Liberec Desko (U18)"]
[WhiteTeamCountry "CZE"]
[BlackTeamCountry "CZE"]

1. d4 Nf6 2. c4 e6 3. Nc3 c5 4. d5 d6 5. Bg5 Be7 6. Nf3 0-0 7. e3 e5 8. Be2 h6 9. Bh4 Bf5 10. 0-0 Nbd7 11. Re1 Re8 12. Qb3 Rb8 13. Qd1 a6 14. a3 Qa5 15. Qa4 Qxa4 16. Nxa4 b5 17. cxb5 axb5 18. Nc3 b4 19. axb4 Rxb4 20. Ra2 Reb8 21. Ra7 g5 22. Bg3 Rxb2 23. h4 g4 24. Nh2 h5 25. e4 Bg6 26. f3 gxf3 27. Bxf3 R8b7 28. Ra8+ Kg7 29. Rd1 Rc2 30. Na4 Rb4 31. Ra1 Bxe4 32. Bxe4 Rxe4 33. Rb1 Ree2 34. Nf1 Rxg2+ 35. Kh1 Ne4 36. Be1 Ra2 37. Nb6 Rxa8 38. Nxa8 Ra2 39. Nc7 c4 40. Rc1 Re2 41. Ba5 c3 42. Bxc3 Nxc3 43. Rxc3 Nc5 44. Rg3+ Kh6 45. Ne3 Rf2 46. Kg1 Rf4 47. Ng2 Bxh4 48. Nxf4 Bxg3 49. Ne2 h4 50. Kg2 Ne4 51. Ne8 Kg5 52. Nxg3 hxg3 53. Nc7 Kg4 54. Nb5 f5 55. Kg1 f4 56. Na3 f3 57. Nc4 Kh3 58. Kh1 g2+ 59. Kg1 f2# 0-1